| 000 | 00601nam a22002177a 4500 | ||
|---|---|---|---|
| 008 | 150602b xxu||||| |||| 00| 0 eng d | ||
| 020 | _a9780077355463 | ||
| 020 | _a0077355466 | ||
| 020 | _a9780077268343 | ||
| 041 | 0 | _aeng | |
| 080 | _a331 | ||
| 100 | 1 | _aNickels, William G. | |
| 245 | 1 | 0 | _aUnderstanding business / |
| 250 | _a9th ed. | ||
| 260 |
_aNew York, NY : _bMcGraw-Hill Irwin, _c2010. |
||
| 300 |
_a569 f. : _bme il.; _c29 cm. |
||
| 650 | 0 | _aBiznes | |
| 700 | 1 | _aMcHugh, James M. | |
| 700 | 1 | _aMcHugh, Susan M. | |
| 942 |
_2udc _cBK |
||
| 999 |
_c971 _d971 |
||